Central Library OPAC University of Rajshahi

American government / (Record no. 46824)

MARC details
000 -LEADER
fixed length control field 00950nam a2200277 a 4500
001 - CONTROL NUMBER
control field 46824
003 - CONTROL NUMBER IDENTIFIER
rucl marc code BD-RjUL
005 - DATE AND TIME OF LATEST TRANSACTION
control field 20211209054218.0
008 - FIXED-LENGTH DATA ELEMENTS--GENERAL INFORMATION
fixed length control field 160804s1955 nuy 001 0 eng
035 ## - SYSTEM CONTROL NUMBER
System control number (BD-RjUL)46943
040 ## - CATALOGING SOURCE
Original cataloging agency DLC
Transcribing agency CoGrU
Modifying agency OCoLC
-- DLC
-- BD-RjUL
Language of cataloging eng
041 ## - LANGUAGE CODE
Language code of text/sound track or separate title eng
082 ## - DEWEY DECIMAL CLASSIFICATION NUMBER
Classification number 320.973
Edition number 23
Author mark and year SAA 1955
100 1# - MAIN ENTRY--PERSONAL NAME
Personal name Sayre, Wallace Stanley,
Dates associated with a name 1905-1972.
9 (RLIN) 142652
245 10 - TITLE STATEMENT
Title American government /
Statement of responsibility, etc. Wallace Stanley Sayre
250 ## - EDITION STATEMENT
Edition statement 13th ed.
260 ## - PUBLICATION, DISTRIBUTION, ETC. (IMPRINT)
Place of publication, distribution, etc. New York :
Name of publisher, distributor, etc. Barnes & Noble,
Date of publication, distribution, etc. 1955
300 ## - PHYSICAL DESCRIPTION
Pagination xix, 315 p. :
Illustrations ill. ;
Size 21 cm.
490 ## - SERIES STATEMENT
Series statement College outline series ;
Volume/sequential designation 14
500 ## - GENERAL NOTE
General note Published in 1932 under title: An outline of American government.
504 ## - BIBLIOGRAPHY, ETC. NOTE
Bibliography, etc Includes bibliography and index.
650 ## - SUBJECT ADDED ENTRY--TOPICAL TERM
Topical term or geographic name as entry element Politics and government
9 (RLIN) 142653
651 #0 - SUBJECT ADDED ENTRY--GEOGRAPHIC NAME
Geographic name United States
General subdivision Politics and government
Form subdivision Handbooks, manuals, etc.
9 (RLIN) 127970
830 ## - SERIES ADDED ENTRY--UNIFORM TITLE
Uniform title College outline series ;
Volume number/sequential designation 14
942 ## - ADDED ENTRY ELEMENTS (KOHA)
Source of classification or shelving scheme Dewey Decimal Classification
Koha item type Books
Holdings
Lost status Source of classification or shelving scheme Damaged status Not for loan Collection code Permanent Location Current Location Shelving location Date acquired Source of acquisition Total Checkouts Full call number Date last seen Copy number Koha item type
  Dewey Decimal Classification     Non-fiction Central Library, University of Rajshahi Central Library, University of Rajshahi   20/11/1957 Dr. Fluno   320.973 SAA 1955 04/08/2016 C-2 Books